000 00234 a2200097 4500
001 23154
100 _aAtiyeh, G N
245 _aAl-Kundi : Philosopher of the Arbas
260 _a
_bIslamic Research Inst.
_c1966
090 _c15694
_d15694
942 _aNUST-CAE
_cM
_c6329
999 _c258227
_d258227